Space today (Record no. 8264)

MARC details
000 -LEADER
fixed length control field 00512cam a2200217ua 4500
001 - CONTROL NUMBER
control field 9201
005 - DATE AND TIME OF LATEST TRANSACTION
control field 20260515114435.0
008 - FIXED-LENGTH DATA ELEMENTS--GENERAL INFORMATION
fixed length control field 150224n ii |||gr||||Z||||||eng
020 ## - INTERNATIONAL STANDARD BOOK NUMBER
International Standard Book Number 9788123752051
040 ## - CATALOGING SOURCE
Transcribing agency MAIN
041 ## - LANGUAGE CODE
Language code of text/sound track or separate title eng
082 ## - DEWEY DECIMAL CLASSIFICATION NUMBER
Classification number 520
100 ## - MAIN ENTRY--PERSONAL NAME
Personal name Rajan, M. S,
Relator term Author.,
245 ## - TITLE STATEMENT
Title Space today
Statement of responsibility, etc. By Mohan Sundara Rajan
250 ## - EDITION STATEMENT
Edition statement 5th rev.
260 ## - PUBLICATION, DISTRIBUTION, ETC.
Place of publication, distribution, etc. New Delhi:
Name of publisher, distributor, etc. National,
Date of publication, distribution, etc. 2008.
300 ## - PHYSICAL DESCRIPTION
Extent xv,378p.
653 ## - INDEX TERM--UNCONTROLLED
Uncontrolled term Astronomy & allied scie~ces
653 ## - INDEX TERM--UNCONTROLLED
Uncontrolled term Space
942 ## - ADDED ENTRY ELEMENTS (KOHA)
Koha item type Books
Holdings
Withdrawn status Lost status Damaged status Not for loan Home library Current library Shelving location Date acquired Total checkouts Full call number Barcode Date last seen Copy number Price effective from Koha item type
        Naharkatiya College Library Naharkatiya College Library General stacks 09/19/2020   520 | RAJ 17868 09/19/2020 1 09/19/2020 Books
        Naharkatiya College Library Naharkatiya College Library General stacks 09/19/2020   520 | RAJ 17869 09/19/2020 3 09/19/2020 Books
        Naharkatiya College Library Naharkatiya College Library General stacks 09/19/2020   520 | RAJ 21635 09/19/2020 2 09/19/2020 Books